All thumbs guide to telephones and answering machines (Бичлэгийн дугаар. 146178)
| 000 -УДИРДЛАГА | |
|---|---|
| Удирдлага | 00851nam a22003017a 4500 |
| 003 - ХЯНАЛТЫН ТОО ТОДОРХОЙЛОГЧ | |
| Код | MN-UlNUM |
| 005 - БИЧИЛТ ХИЙСЭН ОГНОО | |
| Тухайн бичилтийг бичсэн засварласан сүүлийн огноо | 20260113134339.0 |
| 008 - ЕРӨНХИЙ МЭДЭЭЛЭЛ | |
| Ерөнхий мэдээлэл | 260113s1983 pauaf||| |||| 001 0 eng | |
| 020 ## - ISBN | |
| ISBN | 0830644350 |
| 040 ## - БИЧЛЭГ ҮҮСГЭГЧ БАЙГУУЛЛАГА | |
| Бичлэг үүсгэгч номын сангийн код | МУИС-ийн номын сан |
| 084 ## - ББК АНГИЛАЛ | |
| Нэмэлт тусгалт | Бусад |
| ББК ангилал | 32.85 |
| Зохиогчийн гурван тэмдэгт | W 69 |
| Мэдлэгийн ялгаа | 2 - Байгалийн шинжлэл |
| 100 1# - ЗОХИОГЧ | |
| Зохиогчийн нэр | Williams, Gene B. |
| 245 10 - ҮНДСЭН ГАРЧИГ | |
| Номын нэр | All thumbs guide to telephones and answering machines |
| Оролцогчдын тухай мэдээ | Gene B. Williams ; illustrations by Patie Kay. |
| 260 ## - ГАРАЛТЫН МЭДЭЭ | |
| Хэвлэгдсэн газар | Blue Ridge Summit, |
| Хэвлэлийн газар | TAB Books, |
| Хэвлэгдсэн он | 1994. |
| 300 ## - МАТЕРИАЛЫН ТОДОРХОЙЛОЛТ | |
| хуудасны тоо | xiii, 129 p. : |
| Бусад тоон мэдээлэл | ill. ; |
| Хэмжээ | 24 cm. |
| 500 ## - Тайлбар | |
| Дансны дугаар | БС 4968 |
| 546 ## - ХЭЛНИЙ ТУХАЙ МЭДЭЭ | |
| Хэл | Англи хэл дээр, |
| 653 ## - Түлхүүр үг | |
| Түлхүүр үг | telephone |
| 653 ## - Түлхүүр үг | |
| Түлхүүр үг | equipment and supplies |
| 653 ## - Түлхүүр үг | |
| Түлхүүр үг | amateurs' manuals |
| 700 1# - ХАМ ЗОХИОГЧИД | |
| Ба бус | Kay, Patie. |
| 740 ## - НОМЫН ГАРЧИГ | |
| Гарчиг | Safety |
| 740 ## - НОМЫН ГАРЧИГ | |
| Гарчиг | Tools |
| 740 ## - НОМЫН ГАРЧИГ | |
| Гарчиг | How your Telephone System works |
| 740 ## - НОМЫН ГАРЧИГ | |
| Гарчиг | Basic Troubleshooting |
| 942 ## - ЭЛЕМЕНТИЙН ТӨРӨЛ | |
| Зүйлийн төрөл | Ном |
